Lil Jon Charting Songs (Billboard Hot 100) - Statistics

General Stats
  • This quiz has been taken 35 times
    6 since last reset
  • The average score is 16 of 24
Answer Stats
Album Weeks On Peak Artist(s) Song % Correct
M.I.A.M.I. 20 Weeks #32 Pitbull ft. Lil Jon Culo
100%
Drankin' Patnaz 32 Weeks #4 YoungBloodZ ft. Lil Jon Damn!
100%
Bad Boys For Life 2 Weeks #76 Pitbull & Tyga Damn I Love Miami
100%
Kings of Crunk 45 Weeks #2 Lil Jon & The East Side Boyz ft. Ying Yang Twins Get Low
100%
Rebelution and Fast & Furious 19 Weeks #30 Pitbull ft. Lil Jon Krazy
100%
Confessions 47 Weeks #1 (12 Weeks) Usher ft. Lil Jon & Ludacris Yeah!
100%
All or Nothing 20 Weeks #10 Jay Sean ft. Sean Paul & Lil Jon Do You Remember
75%
Crunk Juice 22 Weeks #3 Lil Jon & The East Side Boyz ft. Usher & Ludacris Lovers and Friends
75%
Party Rock 18 Weeks #68 LMFAO ft. Lil Jon Shots
75%
Non-Album Single 28 Weeks #7 Lil Jon ft. E-40 & Sean P Snap Yo Fingers
75%
The Boatlift 18 Weeks #36 Pitbull ft. Lil Jon The Anthem
75%
Non-Album Single 37 Weeks #4 DJ Snake & Lil Jon Turn Down for What
75%
Non-Album Single 3 Weeks #92 Lil Jon ft. Tyga Bend Ova
50%
Put Yo Hood Up 3 Weeks #94 Lil Jon & The East Side Boyz ft. Ludacris, Too Short, Big Kap & Chyna Whyte Bia' Bia'
50%
Non-Album Single 18 Weeks #41 DJ Felli Fel ft. Diddy, Akon, Ludacris & Lil Jon Get Buck in Here
50%
Chain Letter 20 Weeks #23 Brooke Valentine ft. Lil Jon & Big Boi Girlfight
50%
Crunk Rock 2 Weeks #62 Lil Jon ft. 3OH!3 Hey
50%
Thug Matrimony: Married to the Streets 22 Weeks #7 Trick Daddy ft. Lil Jon & Twista Let's Go
50%
Me & My Brother 26 Weeks #9 Ying Yang Twins ft. Lil Jon & The East Side Boyz Salt Shaker
50%
Married to the Game 20 Weeks #84 Too Short ft. Lil Jon & The East Side Boyz Shake That Monkey
50%
Complicated 21 Weeks #40 Nivea ft. Lil Jon & YoungBloodZ Okay
25%
Crunk Rock 1 Week #84 Lil Jon ft. LMFAO Outta Your Mind
25%
King Kong 1 Week #77 Gorilla Zoe ft. Lil Jon Twisted
25%
Crunk Juice 19 Weeks #22 Lil Jon & The East Side Boyz ft. Lil Scrappy What U Gon' Do
25%
No matching quizzes found
Score Distribution
Percent of People with Each Score
Percentile by Number Answered
Your Score History
You have not taken this quiz since the last reset